Logos des clubs de football par lettre - D - Statistiques

Statistiques générales
  • Ce quiz a été pris 123 fois
  • Le résultat moyen est 7 sur 16
Statistiques - réponses
Par images Réponse % Correct
Dijon FCO
96%
Deportivo La Corogne
86%
Dinamo Zagreb
85%
Dynamo Kiev
85%
Derby County
75%
FC Dallas
58%
USL Dunkerque
45%
SV Darmstadt 98
41%
DC United
35%
Dundee United
28%
F91 Dudelange
25%
Djurgårdens
18%
Dundalk
11%
MSV Duisbourg
7%
Danubio
5%
KF Drita
3%
Aucun quiz correspondant
Distribution des résultats
% des personnes avec chaque résultat
Percentile par nombre de réponses
Votre historique - résultats
Vous n’avez pas pris ce quiz